000 01132cam a2200277 4500
008 040430n2004 000 0 eng u
020 _a1860816878
035 _a(Sirsi) u126078
041 _aeng
100 _aConroy, A.
245 _aRecycling fibre reinforced polymers in the construction industry
260 _aWatford
_bBRE
_c2004
300 _a6p.
_c30cm.
490 _aBRE Information Paper
_vIP4/04
520 _aThis paper reviews fibre reinforced polymer (FRP) recycling initiatives and techniques, materials usage and current practice. Technical, economic and policy issues necessary to improve the future recyclability of FRPs are discussed, and the refurbishment potential and possibility of re-use of FRP components are investigated.
650 _aFIBRE REINFORCED POLYMERS
650 _aRECYCLING
650 _aDIRECTIVE 02/96/EC
650 _aLIFE CYCLE ASSESSMENT
690 _aBUILT ENVIRONMENT-BUILDING MATERIALS
700 _aHalliwell, S.
700 _aReynolds, T.
710 _aUnited Kingdom
_bDepartment of Trade and Industry
710 _aBuilding Research Establishment
942 _n0
999 _c103561
_d103561